Introduction To VLSI Systems (Record no. 338564)

MARC details
000 -LEADER
fixed length control field 00491nam a2200169Ia 4500
008 - FIXED-LENGTH DATA ELEMENTS--GENERAL INFORMATION
fixed length control field 230718s9999 xx 000 0 und d
020 ## - INTERNATIONAL STANDARD BOOK NUMBER
International Standard Book Number 9781439868591
041 ## - LANGUAGE CODE
Language code of text/sound track or separate title eng
082 ## - DEWEY DECIMAL CLASSIFICATION NUMBER
Classification number 621.39'5
Item number LIN
100 ## - MAIN ENTRY--PERSONAL NAME
Personal name Lin M.B
245 ## - TITLE STATEMENT
Title Introduction To VLSI Systems
Remainder of title A Logic, Circuit, And System Perspective
260 ## - PUBLICATION, DISTRIBUTION, ETC. (IMPRINT)
Date of publication, distribution, etc. 2014
Name of publisher, distributor, etc. CRC Press
300 ## - PHYSICAL DESCRIPTION
Extent 885
Accompanying material [OBSOLETE, CAN/MARC] Ref 1603 E (49770)
365 ## - TRADE PRICE
Currency code Rs.
Price amount 1495.00
700 ## - ADDED ENTRY--PERSONAL NAME
Personal name Lin M.B
906 ## - LOCAL DATA ELEMENT F, LDF (RLIN)
d O:0427317-Oct-2014B:646901-Sep-2014
c ETC
b 747.5
Holdings
Withdrawn status Lost status Damaged status Not for loan Home library Current library Date acquired Vendor Budget Code Cost, normal purchase price Bill number Total Checkouts Full call number Barcode Date last seen Date last checked out Discount Cost, replacement price Bill Date Koha item type Original Barcode
        Cummins College of Engineering for Women Pune Cummins College of Engineering for Women Pune 17/10/2014 Technical Book Services ETC 1121.25 6469 1 621.39'5 CCEP-BK-49771 31/07/2024 18/07/2024 747.5 1495.00 01/09/2014 Books 049771